| 000 | 00000nam##2200000za#4500 |
| 001 | 9.615567 |
| 003 | CaOODSP |
| 005 | 20200401020630 |
| 007 | ta |
| 008 | 150406|2001||||xxc||||| f|0| 0 eng|d |
| 020 | |a0-662-30283-4 |
| 040 | |aCaOODSP|beng |
| 043 | |an-cn--- |
| 086 | 1 |aM92-215/2001E |
| 110 | 1 |aCanada.|bNatural Resources Canada. |bEnergy Resources Branch. |
| 245 | 10|aValley Truss & Metal Ltd.: converting on-site wood waste into economic space heating : |bcase study |
| 260 | |aOttawa - Ontario : |bNatural Resources Canada. |c2001. |
| 300 | |a6p. : |billus. ; |c28 cm. |
| 490 | 1 |aCase study - biomass combustion systems |
| 563 | |aSoftcover |
| 590 | |a02-17|b2002-04-26 |
| 690 | 07|aBiomass|2gcpds |
| 690 | 07|aHeating|2gcpds |
| 690 | 07|aWood|2gcpds |
| 690 | 07|aIndustrial waste|2gcpds |
| 690 | 07|aTransformation|2gcpds |
| 775 | 08|tValley Truss & Metal Ltd.: transformation des déchets de bois en combustible de chauffage économique : |w(CaOODSP)9.625626 |
| 776 | 0#|tValley Truss & Metal Ltd., converting on-site wood waste into economic space heating |w(CaOODSP)9.572810 |
| 830 | #0|aCase study - biomass combustion systems.|w(CaOODSP)9.514788 |